| 000 | 00433nam a22001817a 4500 | ||
|---|---|---|---|
| 003 | CEME | ||
| 005 | 20210628210236.0 | ||
| 008 | 210209b xxu||||| |||| 00| 0 eng d | ||
| 020 | _a0-256-11935-X | ||
| 040 | _c. | ||
| 082 | _a519.5 ACZ | ||
| 100 |
_aAczel, Amir.D _978706 |
||
| 245 | _aStatistics conecpts and applications | ||
| 260 |
_aCHICAGO _bIRWIN _c1995 |
||
| 300 | _a532P | ||
| 650 |
_aSTATISTICS _969 |
||
| 942 |
_cBK _2ddc |
||
| 999 |
_c583799 _d583799 |
||